000 00736nam a2200229Ia 4500
001 168
003 GE_BSU
008 181216s||||||||xx |||||||||||||| ||und||
020 _a9789941131967
040 _cGE_BSU
080 _aUDC:54(075.8)
100 _aანდრონიკაშვილი,გ;მუკბანიანი,ო; არზიანი,ბ;ბერიძე,ლ
245 _aქიმია
260 _aთბილისი
260 _bთბილისის უნივერსიტეტის გამომცემლობა
260 _c2011
300 _a443 გვ.
541 _h25ლ.
653 _aზოგადი ქიმია
653 _aქიმია
942 _cBK
999 _c34427
_d34427